Normal view
MARC view
Entry Personal Name
001 - CONTROL NUMBER
- control field: 638143
003 - CONTROL NUMBER IDENTIFIER
- control field: OSt
005 - DATE AND TIME OF LATEST TRANSACTION
- control field: 20221005130434.0
008 - FIXED-LENGTH DATA ELEMENTS
- fixed length control field: 221005|| aca||aabn | a|a d
040 ## - CATALOGING SOURCE
- Original cataloging agency: OSt
- Transcribing agency: OSt
100 ## - HEADING--PERSONAL NAME
- Personal name: Indian National Commission for Cooperation with UNESCO
670 ## - SOURCE DATA FOUND
- Source citation: Work cat.: (OSt)1057208: Indian National Commission for Cooperation with UNESCO. 638142, Report of the secretary-general for 1970-72., 1972
